000 01153cad a2200313 4500
008 011019n2003 000 0 eng u
020 _a0632064625
035 _a(Sirsi) u115221
050 _a690.068
_c21
245 _aConstruction process improvement
_h[electronic resource]
260 _aOxford
_bBlackwell
_c2003
300 _aeBook
350 _a47.50
520 _aPresents 21 examples of how improvements are being made within the construction industry to raise productivity and quality, reduce waste and costs, and provide more certain and durable products for clients.
650 _aBUILT ENVIRONMENT-BUILDING COSTS
650 _aCONSTRUCTION MAINTENANCE
650 _aCONSTRUCTION PROCESSES
650 _aCONSTRUCTION PROCUREMENT
650 _aCONSTRUCTION WASTE
650 2 4 _aEBOOK
650 _aLIFE-CYCLE COSTING
650 _aMODULARISATION
690 _aBUILDING AND CONSTRUCTION-MANAGEMENT
700 _aAtkin, Brian
_eEditor
700 _aBorgbrant, Jan
700 _aJosephson, Per-Erik
856 4 8 _uhttps://www.vlebooks.com/
_zView on VLEbooks. Logins for members only from [email protected]
942 _n0
999 _c101734
_d101734